Microwave engineering / (Record no. 194739)

000 -LEADER
fixed length control field 01305 a2200253 4500
003 - CONTROL NUMBER IDENTIFIER
control field Nust
005 - DATE AND TIME OF LATEST TRANSACTION
control field 20230314073141.0
010 ## - LIBRARY OF CONGRESS CONTROL NUMBER
LC control number 97020878
020 ## - INTERNATIONAL STANDARD BOOK NUMBER
International Standard Book Number 0471170968 (cloth : alk. paper)
040 ## - CATALOGING SOURCE
Transcribing agency Nust
082 00 - DEWEY DECIMAL CLASSIFICATION NUMBER
Classification number 621.3813,POZ
100 1# - MAIN ENTRY--PERSONAL NAME
Personal name Pozar, David M.
9 (RLIN) 28227
245 10 - TITLE STATEMENT
Title Microwave engineering /
Statement of responsibility, etc. David M. Pozar.
250 ## - EDITION STATEMENT
Edition statement 3rd ed.
260 ## - PUBLICATION, DISTRIBUTION, ETC.
Place of publication, distribution, etc. New York :
Name of publisher, distributor, etc. Wiley,
Date of publication, distribution, etc. [1997], c1998.
300 ## - PHYSICAL DESCRIPTION
Extent xvi, 732p. :
Other physical details ill. ;
Dimensions 25 cm.
505 ## - FORMATTED CONTENTS NOTE
Formatted contents note Electromagnetic Theory (Page-1),Transmission Line Theory (Page-49),Transmission Lines and Waveguides (Page-91), Microwave Network Analysis (Page-161), Impedance Matching and Tuning (Page-222), Microwave Resonators (Page-266), Power Dividers and Directional Couplers (Page-308), Microwave Filters (Page-370), Theory and Design of Ferrimagnetic Components (Page-441), Active Microwave Circuits (Page-486), Design of Microwave Amplifiers and Oscillators (Page-577), Introduction to Microwave Systems (Page-633).
650 #0 - SUBJECT ADDED ENTRY--TOPICAL TERM
Topical term or geographic name entry element Microwave circuits.
650 #0 - SUBJECT ADDED ENTRY--TOPICAL TERM
Topical term or geographic name entry element Microwave devices.
9 (RLIN) 28228
650 #0 - SUBJECT ADDED ENTRY--TOPICAL TERM
Topical term or geographic name entry element Telecommunication Engineering
856 42 - ELECTRONIC LOCATION AND ACCESS
Materials specified Publisher description
Uniform Resource Identifier <a href="http://www.loc.gov/catdir/description/wiley033/97020878.html">http://www.loc.gov/catdir/description/wiley033/97020878.html</a>
856 42 - ELECTRONIC LOCATION AND ACCESS
Materials specified Table of Contents
Uniform Resource Identifier <a href="http://www.loc.gov/catdir/toc/onix04/97020878.html">http://www.loc.gov/catdir/toc/onix04/97020878.html</a>
942 ## - ADDED ENTRY ELEMENTS (KOHA)
Source of classification or shelving scheme
Koha item type Book
Holdings
Withdrawn status Lost status Source of classification or shelving scheme Damaged status Not for loan Permanent Location Current Location Shelving location Date acquired Total Checkouts Full call number Barcode Checked out Date last seen Date last checked out Price effective from Koha item type Public note Collection code
          Military College of Signals (MCS) Military College of Signals (MCS) General Stacks 12/12/2016 1 621.3813,POZ MCS31616 12/06/2023 08/08/2023 08/08/2023 12/12/2016 Book Almirah No.32, Shelf No.3  
          Military College of Signals (MCS) Military College of Signals (MCS) General Stacks 12/12/2016 1 621.3813,POZ MCS36231   11/02/2023 09/28/2022 12/12/2016 Book Almirah No.32, Shelf No.3  
          Military College of Signals (MCS) Military College of Signals (MCS) General Stacks 12/12/2016 2 621.3813,POZ MCS36232   11/15/2024 09/30/2024 12/12/2016 Book Almirah No.32, Shelf No.3  
          Military College of Signals (MCS) Military College of Signals (MCS)   12/12/2016   621.3813. POZ MCS36499   12/08/2016   12/12/2016 Book    
© 2023 Central Library, National University of Sciences and Technology. All Rights Reserved.